000 01651nam a22003977a 4500
003 CHAP
005 20220329143932.0
008 130912s2012 mx r 00010 spa d
010 _a103938
011 _a104910
035 _a115600
040 _cCHAP
090 _aTesis
100 1 _aBenítez Briones, Nestor Daniel.
_911635
245 1 0 _aActividades necesarias para implementar normas oficiales mexicanas en una planta de productos reposteros en San Andrés Chiautla, México
_h[En línea]
_c/por Nestor Daniel Benítez Briones y Próspero Gabriel Varela Castillo
260 _aChapingo, Méx. :
_bEl autor,
_c2012
500 _aPara ver el contenido del material haga clic en la liga
502 _aTesis (Ing. Agroindustrial) -- UACH. Departamento de Ingeniería Industrial
590 _aALEPH
_b10
_c20130110
_lUCH01
_h1546
590 _aBATCH-UPD
_b10
_c20130409
_lUCH01
_h2221
590 _aBATCH-UPD
_b10
_c20130409
_lUCH01
_h2230
590 _aBATCH-UPD
_b10
_c20130409
_lUCH01
_h2320
590 _aBATCH-UPD
_b10
_c20130913
_lUCH01
_h1939
590 _aBATCH-UPD
_b10
_c20140324
_lUCH01
_h1534
590 _aBATCH-UPD
_b10
_c20141002
_lUCH01
_h0855
590 _aBATCH
_b00
_c20181121
_lUCH01
_h0759
590 _aCONVERSION
_b10
_c20130109
_lUCH01
_h1357
650 1 4 _aReposteria
_xNorma de calidad.
_996015
700 1 _aVarela Castillo, Próspero Gabriel.
_9117927
856 _3Finding aid
_uhttp://10.13.5.2/tesis/115600.pdf
_zTeclea aqui
856 _a1
_n0000917
901 _aBK
942 _cFOLL
949 _aTesis
_bBC
_cTES
_d33724002348579
_eTS2
_fc.2
_h54060
_i115600
_st
949 _aTesis
_bBC
_cTES
_d33724002348611
_eTS1
_h54059
_i115600
_st
999 _c103938
_d103938